Adalékok a moldvai csángók nyelvjárásához
Elmentve itt :
| Szerző: | |
|---|---|
| Dokumentumtípus: | Cikk |
| Megjelent: |
1901
|
| Kulcsszavak: | Nyelvjárás - csángó - moldvai |
| Online Access: | http://misc.bibl.u-szeged.hu/24888 |
| LEADER | 00530nab a2200157 i 4500 | ||
|---|---|---|---|
| 001 | misc24888 | ||
| 005 | 20191111112124.0 | ||
| 008 | 171004s1901 hu o 0|| zxx d | ||
| 040 | |a SZTE Miscellanea Repozitórium |b hun | ||
| 041 | |a zxx | ||
| 100 | 1 | |a Rubinyi Mózes | |
| 245 | 1 | 0 | |a Adalékok a moldvai csángók nyelvjárásához |h [elektronikus dokumentum] / |c Rubinyi Mózes |
| 260 | |c 1901 | ||
| 300 | |a 1-39 | ||
| 695 | |a Nyelvjárás - csángó - moldvai | ||
| 856 | 4 | 0 | |u http://misc.bibl.u-szeged.hu/24888/1/013_020_001-039.pdf |z Dokumentum-elérés |